The noble scholar, jurist, historian


 His Excellency Dr. Abdul Wahhab bin Ibrahim Abu Sulaiman, may Allah have mercy on him.


 He was born in Umm Al-Qura in the year 1356 AH.

هذا كتاب زبد الأسرار : (Record no. 14058)

MARC details
000 -LEADER
fixed length control field 02206cam a2200373 i 4500
003 - CONTROL NUMBER IDENTIFIER
control field SA-RiAUC
005 - DATE AND TIME OF LATEST TRANSACTION
control field 20260114132409.0
008 - FIXED-LENGTH DATA ELEMENTS--GENERAL INFORMATION
fixed length control field 251231s1887 ru g 000 0 ara c
024 0# - OTHER STANDARD IDENTIFIER
Standard number or code 30012701039732
040 ## - CATALOGING SOURCE
Original cataloging agency SA-RiAUC
Language of cataloging ara
Transcribing agency SA-RiAUC
Modifying agency SA-RiMOC
Description conventions rda
082 04 - DEWEY DECIMAL CLASSIFICATION NUMBER
Classification number 251
Assigning agency SA-RiAUC
090 ## - LOCALLY ASSIGNED LC-TYPE CALL NUMBER (OCLC); LOCAL CALL NUMBER (RLIN)
Classification number (OCLC) (R) ; Classification number, CALL (RLIN) (NR) م ن 251
Local cutter number (OCLC) ; Book number/undivided call number, CALL (RLIN) ز ي ل
100 1# - MAIN ENTRY--PERSONAL NAME
Personal name الزيلي، أحمد بن محمد بن عارف،
Dates associated with a name توفي 1006 هجري
Relator term مؤلف.
245 10 - TITLE STATEMENT
Title هذا كتاب زبد الأسرار :
Remainder of title شرح مختصر المنار /
Statement of responsibility, etc. أبو الثناء أحمد بن محمد أبي البركات الزيلي السيواسي ؛ بنظارة أفقر عباد الله الباري محمد بن ملا حماد القزاني.
246 33 - VARYING FORM OF TITLE
Title proper/short title زبد الأسرار في شرح مختصر المنار
246 30 - VARYING FORM OF TITLE
Title proper/short title شرح مختصر المنار
264 #1 - PRODUCTION, PUBLICATION, DISTRIBUTION, MANUFACTURE, AND COPYRIGHT NOTICE
Place of production, publication, distribution, manufacture قازان، روسيا :
Name of producer, publisher, distributor, manufacturer مطبعة ويجيسلاف،
Date of production, publication, distribution, manufacture, or copyright notice 1887
300 ## - PHYSICAL DESCRIPTION
Extent 66 صفحة ؛
Dimensions 27 × 19 سم
336 ## - CONTENT TYPE
Content type term نص
Content type code txt
Source rdacontent
Materials specified كتاب
337 ## - MEDIA TYPE
Media type term بدون وسيط
Media type code n
Source rdamedia
338 ## - CARRIER TYPE
Carrier type term مجلد
Carrier type code nc
Source rdacarrier
351 ## - ORGANIZATION AND ARRANGEMENT OF MATERIALS
Arrangement مرتب بنظام التعقيبات.
500 ## - GENERAL NOTE
General note يشتمل على جدول بالأخطاء وتصويبها.
500 ## - GENERAL NOTE
General note الكتاب هو (شرح على مختصر طاهر بن حبيب الحلبي لمنار الأنوار في أصول الفقه)
500 ## - GENERAL NOTE
General note صدر الكتاب برخصة من جانب المعارف الروسية ببلدة بيتربورخ سنة 1887.
535 1# - LOCATION OF ORIGINALS/DUPLICATES NOTE
Custodian مكتبة الحرم المكي الشريف.
650 #7 - SUBJECT ADDED ENTRY--TOPICAL TERM
Topical term or geographic name entry element أصول الفقه الإسلامي
Source of heading or term aucsh
700 1# - ADDED ENTRY--PERSONAL NAME
Personal name القازاني، محمد صابر بن حماد
Relator term مشرف.
700 12 - ADDED ENTRY--PERSONAL NAME
Relationship information شرح لـ :
Personal name ابن حبيب، طاهر بن الحسن بن عمر،
Dates associated with a name حوالي 740-808 هجري.
Title of a work مختصر منار الأنوار
700 12 - ADDED ENTRY--PERSONAL NAME
Relationship information مختصر لـ :
Personal name النسفي، عبد الله بن أحمد بن محمود،
Dates associated with a name توفي 710 هجري.
Title of a work المنار في أصول الفقه.
856 4# - ELECTRONIC LOCATION AND ACCESS
Uniform Resource Identifier <a href="http://10.10.10.21/hipres/1240/book.Web/bookTestPage.html">http://10.10.10.21/hipres/1240/book.Web/bookTestPage.html</a>
942 ## - ADDED ENTRY ELEMENTS (KOHA)
Source of classification or shelving scheme Dewey Decimal Classification
Koha item type كتاب مصور نادر
Suppress in OPAC No
949 ## - LOCAL PROCESSING INFORMATION (OCLC)
a SA-JeALM
d 251231
u mohamedma123
n 1
Holdings
Withdrawn status Lost status Source of classification or shelving scheme Damaged status Not for loan Home library Current library Date acquired Total checkouts Full call number Barcode Date last seen Price effective from Koha item type
    Dewey Decimal Classification     DR AbdElwahab Library DR AbdElwahab Library 01/14/2026   م ن 251 ز ي ل 000022471 01/14/2026 01/14/2026 كتاب مصور نادر
    Dewey Decimal Classification     DR AbdElwahab Library DR AbdElwahab Library 01/19/2026   م ن 251 ز ي ل 000022530 01/19/2026 01/19/2026 كتاب مصور نادر